| 000 | 00513nam a2200193Ia 4500 | ||
|---|---|---|---|
| 008 | 151121s9999||||xx |||||||||||||| ||und|| | ||
| 082 | _a824/BES | ||
| 082 | _bHNW-68279 | ||
| 100 | _aBesant Annie & Leadbeater C।W। | ||
| 245 | _aThought-Forms | ||
| 260 | _bThe Theosophical Pub। House। | ||
| 260 | _c-- | ||
| 300 | _a77 | ||
| 600 | _aBesant Annie & Leadbeater C।W। | ||
| 630 | _aThought-Forms | ||
| 700 | _aBesant Annie & Leadbeater C।W। | ||
| 730 | _aThought-Forms | ||
| 942 | _cBOOK | ||
| 999 |
_c1249773 _d1249770 |
||